| 000 | 01245cam a22003135a 4500 | ||
|---|---|---|---|
| 001 | 14395125 | ||
| 005 | 20160301105429.0 | ||
| 008 | 060526t2007 njua frb 001 0 eng d | ||
| 020 | _a9781588293138 | ||
| 040 |
_aDNLM/DLC _cDLC _dNLM _dBAKER _dBTCTA _dC#P _dYDXCP _dMUQ _dUBA _dNOR _dDLC _dEG-ScBUE _beng |
||
| 082 | 0 | 4 |
_a615.952 _222 _bHER |
| 245 | 0 | 0 |
_aHerbal products : _btoxicology and clinical pharmacology / _cedited by Timothy S. Tracy, Richard L. Kingston. |
| 250 | _a2nd ed. | ||
| 260 |
_aTotowa : _bHumana Press, _cc.2007. |
||
| 300 |
_axiii, 288 p. : _bill. ; _c24 cm. |
||
| 490 | 0 | _aForensic science and medicine. | |
| 500 | _aRev. ed. of: Toxicology and clinical pharmacology of herbal products / edited by Melanie Johns Cupp. c2000. | ||
| 500 | _aCompanion to: Dietary supplements / edited by Melanie Johns Cupp and Timothy S. Tracy. c2003. | ||
| 500 | _aIndex : p. 269-288. | ||
| 504 | _aIncludes bibliographical references. | ||
| 650 | 0 |
_aHerbs _xToxicology. _2BUEsh |
|
| 650 | 0 |
_aMateria medica, Vegetable _xToxicology. _2BUEsh |
|
| 650 | 0 |
_aDietary supplements. _2BUEsh |
|
| 651 | _2BUEsh | ||
| 653 |
_bPPhrm _cMarch2016 |
||
| 700 | 1 |
_aTracy, Timothy S., _eeditor. |
|
| 700 | 1 |
_aKingston, Richard L., _eeditor. |
|
| 942 | _2ddc | ||
| 999 |
_c21290 _d21262 |
||